Interfaz gráfica:( pérdidas, cortocircuitos y regulación)para redes de distribución de energía eléctrica
Na minha lista:
| Autor principal: | |
|---|---|
| Outros Autores: | |
| Formato: | Livro |
| Idioma: | Spanish |
| Publicado em: |
[San José], Costa Rica
2015
|
| Assuntos: | |
| Tags: |
Adicionar Tag
Sem tags, seja o primeiro a adicionar uma tag!
|
MARC
| LEADER | 00000nam a22000007a 4500 | ||
|---|---|---|---|
| 003 | 012391 | ||
| 005 | 20230914150044.0 | ||
| 008 | 160705b2015 cr a|||| |||| 00| ||spa d | ||
| 040 | |c cru CEDI | ||
| 090 | |a TFG 7549 | ||
| 100 | |9 1506 |a Rojas Ramos, Rafael Arturo , 1988- | ||
| 245 | |a Interfaz gráfica:( pérdidas, cortocircuitos y regulación)para redes de distribución de energía eléctrica | ||
| 260 | |a [San José], Costa Rica |c 2015 | ||
| 300 | |a x, 65 hojas; ilustraciones a color | ||
| 500 | |a Proyecto de graduación (bachillerato en ingeniería eléctrica)--Universidad de Costa Rica. Facultad de Ingeniería. Escuela de Ingeniería Eléctrica | ||
| 501 | |a Profesor Guía de IE-0499 Proyecto Eléctrico: Lic. en Ing. Ismael López Jiménez | ||
| 650 | |x ANALISIS DE CIRCUITOS ELECTRICOS |x DISTRIBUCION DE ENERGIA ELECTRICA |x REDES ELECTRICAS |x ENERGIA ELECTRICA |x INTERFACES GRAFICAS CON EL USUARIO (SISTEMAS PARA COMPUTADORA) |9 5172 | ||
| 700 | |9 890 |a López Jiménez, Ismael |d Director de Proyecto Eléctrico | ||
| 942 | |c CEDI | ||
| 999 | |c 16972 |d 16972 | ||
